| 000 | 01013nam a2200313 i 4500 | ||
|---|---|---|---|
| 003 | EG-GICUC | ||
| 005 | 20260428190403.0 | ||
| 008 | 260428s1927 enk||||f |||| 001 0 eng d | ||
| 040 |
_aEG-GiCUC _beng _cEG-GiCUC _dEG-GiCUC _eRda |
||
| 041 | _aeng | ||
| 082 | 0 | 4 |
_221 _a343.6201 _bST . G |
| 092 | 0 | 4 | _221 |
| 099 | _aLaw1 10 343.6201 ST . G 2 ed - 1927 1011555 C1 | ||
| 100 | 1 |
_aStout, G. F. _eAuteur |
|
| 245 | 1 | 4 |
_aThe Groundwork Of Psychology / _cBy G. F. Stout ; Revised By R. H. Thouless. |
| 250 | _aSecond Edition | ||
| 264 |
_aLondon : _bUniversity Tutoriaf Press, _c1927. |
||
| 300 |
_a227 pages ; _c 24 cm. |
||
| 336 |
_2rda contenu _a texte |
||
| 337 |
_2rda medias _aOrdinateur |
||
| 338 |
_2 transporteur rda _a Ressource en ligne |
||
| 500 | _aIndex Pages : 223-227. | ||
| 650 | 1 | 4 | _aCriminal behavior |
| 650 | 1 | 4 |
_aCriminality _xTheories |
| 700 | 1 |
_aThouless, R. H. _bRevised |
|
| 856 | 4 | 0 | _uhttps://fll.law.cu.edu.eg/fulltext/bks/B10-11555.pdf |
| 905 | _a164 | ||
| 942 |
_2ddc _n0 _cBK _e21 |
||
| 999 |
_c73949 _d73949 |
||